000 01623cam a22004457a 4500
001 14510102
003 OSt
005 20260428110257.0
008 060821s2006 enka 001 0 eng d
010 _a 2006280779
015 _aGBA604215
_2bnb
016 7 _a013354562
_2Uk
020 _a9780521139878
035 _a14510102
035 _a(OCoLC)62532900
040 _aUKM
_cUKM
_dBAKER
_dBWKUK
_dIXA
_dDLC
042 _aukscp
_alccopycat
082 0 4 _a515.1
_bRIL
100 1 _aRiley, K. F.
_q(Kenneth Franklin),
_d1936-
_93782
245 1 0 _aMathematical methods for physics and engineering /
_cK.F. Riley, M.P. Hobson and S.J. Bence.
250 _a3/e
260 _aNew Delhi :
_bCambridge University Press,
_c2006.
300 _axxvii, 1333 p. :
_bill. ;
_c26 cm.
336 _atext
_btxt
_2rdacontent
337 _aunmediated
_bn
_2rdamedia
338 _avolume
_bnc
_2rdacarrier
500 _aPrevious ed.: 2002.
500 _aIncludes index.
650 0 _aMathematical analysis.
650 0 _aEngineering mathematics.
_9463
650 0 _aMathematical physics.
_93783
700 1 _aHobson, M. P.
_q(Michael Paul),
_d1967-
_93784
700 1 _aBence, S. J.
_q(Stephen John),
_d1972-
_93785
856 4 2 _3Publisher description
_uhttp://www.loc.gov/catdir/enhancements/fy0665/2006280779-d.html
856 4 1 _3Table of contents only
_uhttp://www.loc.gov/catdir/enhancements/fy0665/2006280779-t.html
906 _a7
_bcbc
_ccopycat
_d2
_encip
_f20
_gy-gencatlg
942 _2ddc
_cBK
999 _c1912
_d1912